00335nam a2200133Ia 4500008004100000041000800041082001500049100001200064245004400076260003900120300001600159365000700175650001900182210719s1850 xx 000 0 und d aeng a821.4 HERH aHERRICK aHerrick's hesperides and noble numbers. aLondonbJ M Dent and Companyc1850 axvi,512bHB cRs aEnglish Poetry